| 000 | 02222nam a22003137a 4500 | ||
|---|---|---|---|
| 005 | 20110628104948.0 | ||
| 010 | _aENG-102868 B-461659-665 | ||
| 020 |
_a8187818808 _c350.00 |
||
| 035 | _aEN-86401 B-461659-665 | ||
| 037 | _bDBAD/PUB | ||
| 037 | _bVirtuous Pub/Ven | ||
| 082 | _a370.954 | ||
| 100 |
_aSharma, Pawan _948877 |
||
| 245 |
_aPrinciples of education / _cby Pawan Sharma |
||
| 260 |
_aNew Delhi _bLakshay Publications _c2011 |
||
| 270 |
_a7/26, G.Floor, Ansari Road, Darya ganj _bNew Delhi _e110002 |
||
| 300 | 2 |
_a232p _c22cm (pbk) |
|
| 700 | _928907 | ||
| 942 |
_2ddc _cEN _mSHA _h370.954 |
||
| 999 |
_c53479 _d53479 |
||